000 00856nam a22002657a 4500
001 6353
003 FISKH
005 20250423142459.0
008 250423b cb ||||| |||| 00| 0 eng d
040 _aFISKH
_beng
_cFISKH
_dFISKH
050 _aPZ8.M4327 R
082 _a 398.2094302
100 _aMarshall, James
245 _aRed riding hood /
_cRetold and illustrated by James Marshall
250 _aFirst Scholastic printing, December 1991
260 _aNew York :
_bScholastic,
_c1987
300 _a30 unnumbered pages :
_bcolor illustrations ;
_c27 cm
505 _aL
520 _aA little girl meets a hungry wolf in the forest on her way to visit her grandmother.
521 8 _a520
_bLexile
521 8 _aL
_bRaz-Plus
650 _aFairy Tales and Fables
_vWolves
_xStranger Danger
942 _2ddc
_cBK
_n0
999 _c6353
_d6353